[Event "St Petersburg Korchnoi Memorial op"]
[Site "St Petersburg"]
[Date "2023.08.21"]
[Round "6"]
[White "Ershov, Artem"]
[Black "Sin, Albert"]
[Result "1-0"]
[WhiteElo "1693"]
[BlackElo "1503"]
[PlyCount "113"]
[EventDate "2023.08.18"]
[EventType "swiss"]
[EventRounds "9"]
[EventCountry "RUS"]
[SourceTitle "EXT 2024"]
[Source "ChessBase"]
[SourceDate "2023.10.10"]
[SourceVersion "1"]
[SourceVersionDate "2023.10.10"]
[SourceQuality "1"]

1. c4 Nf6 2. Nf3 g6 3. Nc3 Bg7 4. g3 0-0 5. Bg2 d6 6. 0-0 Nc6 7. d3 Rb8 8. Rb1 e5 9. b4 Nh5 10. b5 Ne7 11. Qb3 h6 12. Nd2 Be6 13. Bb2 c5 14. Qa4 Qb6 15. Nb3 f5 16. Qa5 Qxa5 17. Nxa5 b6 18. Nc6 Nxc6 19. bxc6 e4 20. Nb5 Rbd8 21. Bxg7 Kxg7 22. Rb3 Rc8 23. Nxa7 Rc7 24. Ra3 Nf6 25. Rb1 Rff7 26. Nb5 Rxc6 27. Nc3 d5 28. cxd5 Nxd5 29. dxe4 Nxc3 30. Rxc3 fxe4 31. Bxe4 Rd6 32. Rc2 Bf5 33. Bxf5 Rxf5 34. Rcb2 Rff6 35. a4 Rc6 36. Rc1 Rfd6 37. e3 Rd3 38. Rcb1 Rdd6 39. Rc2 Rd3 40. a5 bxa5 41. Rb5 Rd1+ 42. Kg2 Ra1 43. Rcxc5 Rxc5 44. Rxc5 a4 45. Ra5 a3 46. Kf3 Ra2 47. h4 h5 48. e4 Ra1 49. e5 a2 50. Ra7+ Kh6 51. Kf4 Rb1 52. Rxa2 Rb4+ 53. Ke3 Rg4 54. Ra7 g5 55. hxg5+ Rxg5 56. Kf4 Rg6 57. Rf7 1-0

[Event "St Petersburg Korchnoi Memorial op"]
[Site "St Petersburg"]
[Date "2023.08.19"]
[Round "2"]
[White "Ershov, Artem"]
[Black "Lisenkov, Svyatoslav"]
[Result "0-1"]
[WhiteElo "1693"]
[BlackElo "2089"]
[PlyCount "58"]
[EventDate "2023.08.18"]
[EventType "swiss"]
[EventRounds "9"]
[EventCountry "RUS"]
[SourceTitle "EXT 2024"]
[Source "ChessBase"]
[SourceDate "2023.10.10"]
[SourceVersion "1"]
[SourceVersionDate "2023.10.10"]
[SourceQuality "1"]

1. Nf3 Nf6 2. c4 g6 3. Nc3 d5 4. cxd5 Nxd5 5. g3 Bg7 6. Bg2 0-0 7. 0-0 Nc6 8. a3 a5 9. Qb3 Nb6 10. d3 Be6 11. Qc2 Nd5 12. e3 Nb6 13. Ne4 Bf5 14. Nc5 Qc8 15. Re1 Nd7 16. Ne4 Nde5 17. Nxe5 Nxe5 18. d4 Nd7 19. Bd2 e6 20. b4 a4 21. Qb2 Bxe4 22. Bxe4 Nb6 23. Bd3 Qd7 24. Bf1 Rfe8 25. Rad1 Qd5 26. b5 Nc4 27. Bxc4 Qxc4 28. b6 Qc6 29. Rc1 Qd7 0-1

[Event "St Petersburg Korchnoi Memorial op"]
[Site "St Petersburg"]
[Date "2023.08.19"]
[Round "3"]
[White "Pankov, Daniil"]
[Black "Ershov, Artem"]
[Result "1-0"]
[WhiteElo "2033"]
[BlackElo "1693"]
[PlyCount "77"]
[EventDate "2023.08.18"]
[EventType "swiss"]
[EventRounds "9"]
[EventCountry "RUS"]
[SourceTitle "EXT 2024"]
[Source "ChessBase"]
[SourceDate "2023.10.10"]
[SourceVersion "1"]
[SourceVersionDate "2023.10.10"]
[SourceQuality "1"]

1. e4 Nc6 2. d4 e5 3. Nf3 exd4 4. Nxd4 Bc5 5. Nb3 Bb6 6. Nc3 d6 7. Bf4 Be6 8. Qd2 h6 9. 0-0-0 Nf6 10. Kb1 Nh5 11. Be3 Bxe3 12. Qxe3 Qg5 13. Qe1 0-0 14. g3 Qe7 15. f4 Nf6 16. Bg2 a5 17. e5 dxe5 18. Bxc6 bxc6 19. Qxe5 Ng4 20. Qe2 Rfe8 21. Rhe1 Qb4 22. Qf3 a4 23. Re4 Bd5 24. Rxe8+ Rxe8 25. Qxg4 axb3 26. axb3 Qa5 27. f5 f6 28. Qa4 Qxa4 29. bxa4 Re5 30. a5 Bf3 31. Rd8+ Kf7 32. b4 c5 33. b5 Rxf5 34. Rd7+ Ke8 35. Rxc7 g5 36. b6 c4 37. a6 Kd8 38. Rxc4 Re5 39. b7 1-0